[Event "GRE-chT Online Rapid op 1st"]
[Site "Tornelo INT"]
[Date "2021.02.20"]
[Round "3.41"]
[White "Tzanakis, Emmanouil"]
[Black "Kotrotsos, Nikodimos"]
[Result "0-1"]
[WhiteElo "1015"]
[BlackElo "1350"]
[PlyCount "132"]
[EventDate "2021.02.20"]
[EventType "team-swiss (rapid)"]
[EventRounds "9"]
[EventCountry "GRE"]
[SourceTitle "EXT 2023"]
[Source "ChessBase"]
[SourceDate "2022.10.05"]
[SourceVersion "1"]
[SourceVersionDate "2022.10.05"]
[SourceQuality "1"]

1. e4 e5 2. Nf3 Nc6 3. Bc4 h6 4. c3 Nf6 5. d3 Bc5 6. 0-0 d6 7. h3 Na5 8. Bb5+ c6 9. Ba4 b5 10. Bxb5 cxb5 11. b4 Bxb4 12. cxb4 Nc6 13. Nc3 a6 14. a3 Be6 15. Be3 0-0 16. Nh4 d5 17. exd5 Nxd5 18. Nxd5 Qxh4 19. Nc7 Rad8 20. Nxa6 e4 21. Nc5 exd3 22. Nxe6 fxe6 23. Qg4 Qf6 24. Qf3 Qxf3 25. gxf3 Rxf3 26. Kg2 Ne5 27. Bb6 Rd7 28. Rfe1 Rf5 29. f4 Nc4 30. Be3 d2 31. Bxd2 Nxd2 32. Red1 Rxf4 33. Ra2 Rfd4 34. a4 bxa4 35. Rxa4 Ne4 36. Rxd4 Rxd4 37. Ra8+ Kh7 38. b5 Rb4 39. Rb8 Nc5 40. Kf2 Kg6 41. Ke3 Kh5 42. Kf3 Kh4 43. Kg2 Rb2+ 44. Kf3 Kxh3 45. b6 Nd7 46. Rb7 Nxb6 47. Rxg7 Rb3+ 48. Kf4 Nd5+ 49. Ke5 Re3+ 50. Kd4 h5 51. Rh7 h4 52. Rh6 Kg3 53. Rg6+ Kf2 54. Rg4 h3 55. Rh4 Kg3 56. Rh8 h2 57. Rg8+ Kf2 58. Rh8 Kg2 59. Rg8+ Rg3 60. Re8 h1Q 61. Rxe6 Qh4+ 62. Kxd5 Rg5+ 63. Kd6 Qf4+ 64. Kd7 Rg7+ 65. Kd8 Qc7+ 66. Ke8 Rg8# 0-1